|
|
|
|
| LEADER |
01341nam a2200349 a 4500 |
| 001 |
35253 |
| 003 |
BD-DhAAL |
| 005 |
20211201133557.0 |
| 008 |
190905r20062005enk f b 001 0 eng |
| 999 |
|
|
|c 41117
|d 41117
|
| 010 |
|
|
|a 2005923485
|
| 020 |
|
|
|a 9781412910361
|
| 020 |
|
|
|a 1412910366 (pbk.)
|
| 020 |
|
|
|a 1412910358
|
| 035 |
|
|
|a (OCoLC)ocm61321313
|
| 040 |
|
|
|a EQF
|c EQF
|d BAKER
|d DLC
|d BD-DhAAL
|
| 042 |
|
|
|a lccopycat
|
| 050 |
0 |
0 |
|a HQ767.9
|b .I554 2005
|
| 082 |
0 |
0 |
|a 305.231
|2 22
|
| 245 |
0 |
3 |
|a An introduction to early childhood :
|b a multidisciplinary approach /
|c edited by Tim Waller.
|
| 260 |
|
|
|a London :
|b Paul Chapman Pub. ;
|a Thousand Oaks, Calif. :
|b Sage Publications,
|c 2005 [reprinted 2006]
|
| 300 |
|
|
|a xvii, 174 pages ;
|c 23 cm.
|
| 504 |
|
|
|a Includes bibliographical references (p. [144]-167) and index.
|
| 526 |
|
|
|a BIED
|
| 541 |
|
|
|a Complimentary copy from BIED
|e 35253
|
| 650 |
|
0 |
|a Children.
|9 34010
|
| 650 |
|
0 |
|a Child care.
|9 34011
|
| 650 |
|
0 |
|a Early childhood education.
|9 34012
|
| 700 |
1 |
|
|a Waller, Tim.
|9 34013
|
| 852 |
|
|
|a Ayesha Abed Library
|c BIED Collection
|
| 942 |
|
|
|2 ddc
|c BK
|
| 952 |
|
|
|0 0
|1 0
|2 ddc
|4 0
|6 305_231000000000000_INT
|7 0
|9 66143
|a BRACUL
|b BRACUL
|c GEN
|d 2019-09-05
|e Complimentary copy from BIED
|l 0
|o 305.231 INT
|p 3010035253
|r 2019-09-05
|t 1
|w 2019-09-05
|y BK
|x Transferred from BIED to General Stacks
|